Most Populated Cities in Los Angeles County - Statistics

General Stats
  • This quiz has been taken 47 times
  • The average score is 8 of 15
Answer Stats
Population City % Correct
3,881,041 Los Angeles
100%
462,293 Long Beach
81%
137,554 Pasadena
81%
106,389 Burbank
65%
106,806 Inglewood
59%
194,512 Glendale
57%
145,454 Torrance
51%
225,850 Santa Clarita
43%
171,465 Lancaster
41%
166,895 Palmdale
38%
113,052 Downey
35%
108,682 El Monte
35%
149,831 Pomona
35%
108,173 West Covina
35%
101,893 Norwalk
30%
No matching quizzes found
Score Distribution
Percent of People with Each Score
Percentile by Number Answered
Your Score History
You have not taken this quiz